000 00695nam a22002417a 4500
001 BR4900035
003 BR-BrBNA
005 20230928082933.0
007 ta
008 230509b bl.||||| |||| 00| 0 por d
040 _aBR-BrBNA
_bpor
_cBiblioteca Nacional de Agricultura
041 _a(Por)
072 _aE50
_b/G514
090 _ E50 BR4900035
110 1 _aConselho Nacional de Geografia, Rio de Janeiro, GB (Brasil)
_92686
245 1 _aTipos e aspectos do Brasil [sociologia rural, comunidade rural]
250 1 _a5. ed.
260 3 _aRio de Janeiro, GB (Brasil):
_c1949.
300 _a312 p.
650 _aCOMUNIDADE RURAL
909 _a202309
_bLucia
_c55
_dLucia Elande
942 _cBK
999 _c10712
_d10712